000 00726nam a22002297a 4500
003 UA-OsUOA
001 22160
007 ta
008 20031217b un ||||| |||| 00| 0 ukr d
090 _a1(091)(477)"654"
_bС71
942 _cBK
040 _aUA-OsUOA
_bukr
_cUA-OsUOA
_dUA-OsUOA
245 _aСпадщина Памфіла Юркевича: світовий і вітчизняний контекст
_bЗбірник наукових статей
_cРед. В.С.Горський І.Я.Лисий
300 _a307 с.
955 _a0
041 _aukr
080 _a1(091)(477)"654"
260 _aКиїв
_bВидавничий дім "КМ Academia"
_c1995
044 _aUA
650 7 _2UDC
999 _c308374
_d308374